书目信息 |
| 题名: |
超级时间整理术
|
|
| 作者: | 赫佩尔 著 ;刘丹 译 | |
| 分册: | ||
| 出版信息: | 北京 人民邮电出版社 2012.08 |
|
| 页数: | 190页 | |
| 开本: | 21cm | |
| 丛书名: | ||
| 单 册: | ||
| 中图分类: | C935 | |
| 科图分类: | ||
| 主题词: | 时间--管理 , 时间 , 管理 | |
| 电子资源: | ||
| ISBN: | 978-7-115-28822-6 | |
| 000 | 01115nam0 2200301 450 | |
| 001 | 010010102183 | |
| 005 | 20130627092649.53 | |
| 010 | @a978-7-115-28822-6@dCNY29.80 | |
| 100 | @a20120816d2012 em y0chiy50 ea | |
| 101 | 1 | @achi@ceng |
| 102 | @aCN@b110000 | |
| 105 | @aa z 000yy | |
| 106 | @ar | |
| 200 | 1 | @a超级时间整理术@9chao ji shi jian zheng li shu@e每天多出一小时@dHow to save an hour every day@f(英)迈克尔·赫佩尔(Michael Heppell)著@g刘丹译@zeng |
| 210 | @a北京@c人民邮电出版社@d2012.08 | |
| 215 | @a190页@c图@d21cm | |
| 300 | @a普华自我管理系列图书 | |
| 330 | @a本书针对我们日常工作和生活中最容易丢掉时间的细节,搜集整理了200多种小方法,这些方法简单实用,你不需要做复杂的计算,不需要填繁杂的表格,只要付诸实践,就能见到效果。 | |
| 510 | 1 | @aHow to save an hour every day@zeng |
| 517 | 1 | @a每天多出一小时@9mei tian duo chu yi xiao shi |
| 606 | 0 | @a时间@x管理 |
| 606 | 0 | @a时间 |
| 606 | 0 | @a管理 |
| 690 | @aC935@v5 | |
| 701 | 0 | @c(英)@a赫佩尔@9he pei er@c(Heppell, Michael)@4著 |
| 702 | 0 | @a刘丹@9liu dan@4译 |
| 801 | 0 | @aCN@bRENTIAN@c20120816 |
| 905 | @b546290-94@dC935@e453@f5 | |
| 超级时间整理术:每天多出一小时=How to save an hour every day/(英)迈克尔·赫佩尔(Michael Heppell)著/刘丹译.-北京:人民邮电出版社,2012.08 |
| 190页:图;21cm |
| 普华自我管理系列图书 |
| ISBN 978-7-115-28822-6:CNY29.80 |
| 本书针对我们日常工作和生活中最容易丢掉时间的细节,搜集整理了200多种小方法,这些方法简单实用,你不需要做复杂的计算,不需要填繁杂的表格,只要付诸实践,就能见到效果。 |
| ● |
| 相关链接 |
|
|
|
|
正题名:超级时间整理术
索取号:C935/453
 
预约/预借
| 序号 | 登录号 | 条形码 | 馆藏地/架位号 | 状态 | 备注 |
| 1 | 546290 | 205462907 | 第一样本阅览室/ [索取号:C935/453] | 在馆 | |
| 2 | 546291 | 205462916 | 第一借阅区/ [索取号:C935/453] | 在馆 | |
| 3 | 546292 | 205462925 | 第一借阅区/ [索取号:C935/453] | 在馆 | |
| 4 | 546293 | 205462934 | 第一借阅区/ [索取号:C935/453] | 在馆 | |
| 5 | 546294 | 205462943 | 第一借阅区/ [索取号:C935/453] | 在馆 |